000 02391nam a2200337 4500
005 20090922111128.0
010 _aB-452446-453
020 _a8125034811
_c595.00
020 _a9788125034810
_c595.00
035 _aB-452446-453
037 _bVirtuous Pub/Ven
082 _a230.35
100 _aSrinivas,Smriti
_942180
245 _aIn the presence of Sai Baba :
_cSmriti Srinivas,
_bBody,City and memory in a global religious movement /
260 _aNew Delhi
_bOrient Longmans
_c2008
270 _a1/24, Asaf Ali Road,
_bNew Delhi
_e110002
300 _a403p.
_c24cm(Hb)
500 _aIncludes bibliographcal index
700 _941016
700 _aSingh, Arpita
_941017
942 _2ddc
_cCH
_mSRI
_h230.35
999 _c62127
_d62127